000 01290cam a2200373 i 4500
999 _c534962
_d534962
001 18543346
003 NUST
005 20200824140708.0
008 150326s2014 enka 001 0 eng
010 _a 2014415557
020 _a9781107697690 (paperback with CDROM for Windows and MAC)
038 _aAZHAR
040 _aDLC
_beng
_cDLC
_erda
042 _apcc
050 0 0 _aQC31
_b.C33 2014
082 _a530
_bSAN
245 0 0 _aCambridge international AS and A level physics coursebook /
_cDavid Sang [and three others].
246 3 0 _aPhysics
250 _aSecond edition.
264 1 _aCambridge, United Kingdom :
_bCambridge University Press,
_c[2014]
300 _aix, 565 pages :
_billustrations (some color) ;
_c28 cm +
_e1 CD-ROM (4 3/4 in.)
336 _3book
_atext
_2rdacontent
336 _3CD-ROM
_atext
_2rdacontent
337 _3book
_aunmediated
_2rdamedia
337 _3CD-ROM
_acomputer
_2rdamedia
338 _3book
_avolume
_2rdacarrier
338 _3CD-ROM
_acomputer disc
_2rdacarrier
500 _aIncludes index.
650 0 _aPhysics.
_9190
700 1 _aSang, David,
_eauthor.
_929419
906 _a7
_bcbc
_corigcop
_d2
_encip
_f20
_gy-gencatlg
942 _2ddc
_cBK